00968nam a22002657a 45000010005000000030006000050050017000110080041000280200018000690400029000870500017001160820011001331000032001442450088001762500041002642600034003053000039003395050007003785200202003855210018005875210018006056500022006236500027006457000030006726473FISKH20250506101810.0250506b cb ||||| |||| 00| 0 eng d a9780590485869 aFISKHbengcFISKHdFISKH aPZ7.B46626 G a813.54 aBetancourt, Jeanned(1941-) aPony Pals :bGive me back my pony /cJeanne Betancourt ; illustrated by Paul Bachem aThis edition first published in 1995 aNew York :bScholastic,c1995 a82 pages :billustrations ;c20 cm aP  aLulu has fallen in love with the beautiful pony Snow White, and when the pony's snobby owner returns from boarding school, the Pony Pals come up with a plan to reunite Lulu and Snow White forever. 8 a600 bLexile 8 aP bRaz-Plus  2HorsesaPony Pals 2Fic BetaBorrowed 2012 aBachem, Pauldillustrator